Los peores cuentos de los hermanos Grim
Shranjeno v:
| Main Authors: | , |
|---|---|
| Format: | Knjiga |
| Jezik: | španščina |
| Izdano: |
Buenos Aires
Seix Barral
2004
|
| Izdaja: | 1a. ed |
| Serija: | Seix Barral Biblioteca Breve
|
| Teme: | |
| Oznake: |
Označite
Brez oznak, prvi označite!
|
MARC
| LEADER | 00000cam a2200000 a 4500 | ||
|---|---|---|---|
| 001 | UCH1907 | ||
| 003 | CL-VaPUC | ||
| 008 | 090520e20040000AG |||||||||||||||||spa|d | ||
| 020 | |a 9507314423 | ||
| 082 | 0 | 4 | |a Ch863.9 |b SEP |2 21 |
| 100 | 0 | |a Sepúlveda, Luis |e author |9 536518 | |
| 700 | 0 | |a Delgado Aparaín, Mario |e author |9 536519 | |
| 245 | 1 | 4 | |a Los peores cuentos de los hermanos Grim |
| 250 | |a 1a. ed | ||
| 300 | |a 220 p | ||
| 942 | |c BK | ||
| 945 | |d 20090520 00:00:00 |a rbrito | ||
| 260 | |a Buenos Aires |b Seix Barral |c 2004 | ||
| 650 | 0 | |a Narrativa chilena |9 342463 | |
| 650 | 0 | |a Cuentos chilenos |9 308280 | |
| 583 | |a last modification |c 20160803 12:17:04 |k Rodrigo Vera | ||
| 490 | 0 | |a Seix Barral Biblioteca Breve | |
| 999 | |c 333801 |d 333799 | ||
| 952 | |0 0 |1 0 |4 0 |6 CH_863_900000000000000_SEP_2004 |7 0 |8 A |9 422424 |a BIBEDU |b BIBEDU |d 2019-11-22 |i 4552067 |o Ch863.9 SEP 2004 |p 4552067 |r 2019-11-22 |w 2019-11-22 |y BK |k PAR | ||
| 952 | |0 0 |1 0 |3 erb |4 0 |6 CH_863_900000000000000_SEP_2004 |7 0 |8 A |9 422425 |a BIBEDU |b BIBEDU |i 5336309 |o Ch863.9 SEP 2004 |p 5336309 |r 2019-11-22 |w 2019-11-22 |y BK |z Catalogado en:20160807 |k EPE | ||